000 01243nam a2200301 a 4500
001 BRCA_3418
005 20190320204255.0
041 _aeng
044 _aenk
084 _a707
_b.W376
_c1931
100 1 _aCervantes Saavedra, Miguel de
_d1547-1616
_9213
245 1 0 _aAdventures of Don Quixote de la Mancha
_cTranslated from the Spanish of Miguel de Cervantes Saavedra by Motteux.
260 _aLondres : Nueva York
_bFrederick Warne and Co.
_c1931?
300 _a1 v. en 2 partes (xxxvi, 567 p.)
_bil.
_c19 cm.
440 0 _aChando´s Classics
_98970
500 _aContenido : Primera parte. Vida de Cervantes. Segunda parte
500 _aReproducción de la traducción de Motteux, publicada en 1887, por los mismos editores. Tela; lomo y planos adornados Lúdovik Osterc
500 _aQM1430
546 _aTexto en : inglés
650 1 4 _aNovela española
_yÉpoca clásica, 1500-1700
_9215
650 1 4 _aLiteratura española
_yÉpoca clásica, 1500-1700
_9216
650 1 4 _aNovela española
_ySiglo XVII
_9217
650 1 4 _aDon Quijote (Personaje ficticio)
_eNovela
_9218
700 1 _aMotteux, Peter Anthony
_d1663-1718
_eTraductor
_98971
740 0 _aEl Ingenioso Hidalgo Don Quijote de la Mancha
902 _aQFM
942 _2lcc
_cB
999 _c3154
_d3154